[Event "EU-ch Hybrid U10 Girls"]
[Site "Tornelo INT"]
[Date "2021.10.15"]
[Round "4"]
[White "Zhou, Leyi Charlotte"]
[Black "Nurdogan, Ilgin Destina"]
[Result "1-0"]
[WhiteElo "1199"]
[BlackElo "1020"]
[PlyCount "93"]
[EventDate "2021.10.15"]
[EventType "swiss"]
[EventRounds "9"]
[EventCountry "NET"]
[SourceTitle "EXT 2023"]
[Source "ChessBase"]
[SourceDate "2022.10.05"]
[SourceVersion "1"]
[SourceVersionDate "2022.10.05"]
[SourceQuality "1"]
[WhiteTeam "Germany"]
[BlackTeam "Turkey"]
[WhiteTeamCountry "GER"]
[BlackTeamCountry "TUR"]

1. e4 c5 2. Nf3 Nc6 3. c4 Nf6 4. Nc3 e6 5. Be2 d5 6. exd5 exd5 7. d4 cxd4 8. Nxd4 Bb4 9. 0-0 0-0 10. cxd5 Nxd4 11. Qxd4 Bxc3 12. bxc3 Nxd5 13. Rd1 Be6 14. Ba3 Re8 15. Bb5 Qa5 16. Bxe8 Qxa3 17. c4 Nc3 18. Bxf7+ Bxf7 19. Re1 Qb2 20. Kh1 Qb4 21. a3 Nb5 22. Qxg7+ Kxg7 23. axb4 Bxc4 24. Re7+ Bf7 25. Rxb7 a6 26. Rxb5 Re8 27. Rg5+ Kf6 28. h4 Re4 29. Rxa6+ Ke7 30. Ra7+ Kf6 31. g4 Re1+ 32. Kg2 Be8 33. Rf5+ Ke6 34. Ra6+ Ke7 35. Rc5 Kf8 36. Rf5+ Kg7 37. Ra7+ Kg6 38. h5+ Kh6 39. Ra6+ Kg7 40. h6+ Kg8 41. Raf6 Bc6+ 42. Rxc6 Re8 43. b5 Kh8 44. b6 Rg8 45. g5 Rb8 46. b7 Rxb7 47. Rc8# 1-0